|
|
|
|
| LEADER |
02142nam a2200553 4500 |
| 001 |
ocn840934623 |
| 003 |
OCoLC |
| 005 |
20170124072236.4 |
| 006 |
m o d |
| 007 |
cr ||||||||||| |
| 008 |
130411s2013 enk ob 001 0 eng |
| 010 |
|
|
|a 2013015116
|
| 040 |
|
|
|a DLC
|b eng
|e rda
|c DLC
|d N$T
|d DG1
|d IDEBK
|d CUS
|d YDXCP
|d CDX
|d OCLCF
|d RECBK
|d OCL
|d EBLCP
|d DEBBG
|d GrThAP
|
| 019 |
|
|
|a 857713001
|
| 020 |
|
|
|a 9781118591314 ( ePub)
|
| 020 |
|
|
|a 1118591313 ( ePub)
|
| 020 |
|
|
|a 9781118591291 (MobiPocket)
|
| 020 |
|
|
|a 1118591291 (MobiPocket)
|
| 020 |
|
|
|a 9781118591307 (Adobe PDF)
|
| 020 |
|
|
|a 1118591305 (Adobe PDF)
|
| 020 |
|
|
|z 9781119967552 (cloth)
|
| 020 |
|
|
|a 9781118591277
|
| 020 |
|
|
|a 1118591275
|
| 029 |
1 |
|
|a NZ1
|b 15341703
|
| 029 |
1 |
|
|a DEBBG
|b BV043395749
|
| 035 |
|
|
|a (OCoLC)840934623
|z (OCoLC)857713001
|
| 042 |
|
|
|a pcc
|
| 050 |
0 |
0 |
|a BF204.7
|
| 072 |
|
7 |
|a PSY
|x 045030
|2 bisacsh
|
| 082 |
0 |
0 |
|a 150.19/87
|2 23
|
| 049 |
|
|
|a MAIN
|
| 245 |
0 |
4 |
|a The Wiley-Blackwell handbook of transpersonal psychology /
|c [edited by] Harris L. Friedman, Glenn Hartelius.
|
| 264 |
|
1 |
|a Chichester, West Sussex :
|b Wiley Blackwell,
|c 2013.
|
| 300 |
|
|
|a 1 online resource.
|
| 336 |
|
|
|a text
|2 rdacontent
|
| 337 |
|
|
|a computer
|2 rdamedia
|
| 338 |
|
|
|a online resource
|2 rdacarrier
|
| 504 |
|
|
|a Includes bibliographical references and index.
|
| 588 |
|
|
|a Description based on print version record and CIP data provided by publisher.
|
| 650 |
|
0 |
|a Transpersonal psychology
|v Handbooks, manuals, etc.
|
| 650 |
|
7 |
|a PSYCHOLOGY
|x Movements
|x Transpersonal.
|2 bisacsh
|
| 650 |
|
7 |
|a Transpersonal psychology.
|2 fast
|0 (OCoLC)fst01154910
|
| 655 |
|
4 |
|a Electronic books.
|
| 655 |
|
7 |
|a Handbooks and manuals.
|2 fast
|0 (OCoLC)fst01423877
|
| 700 |
1 |
|
|a Friedman, Harris L.
|e editor of compilation.
|
| 700 |
1 |
|
|a Hartelius, Glenn
|e editor of compilation.
|
| 776 |
0 |
8 |
|i Print version:
|t Wiley-Blackwell handbook of transpersonal psychology
|d Chichester, West Sussex : John Wiley & Sons Inc., 2013
|z 9781119967552
|w (DLC) 2013012018
|
| 856 |
4 |
0 |
|u https://doi.org/10.1002/9781118591277
|z Full Text via HEAL-Link
|
| 994 |
|
|
|a 92
|b DG1
|